000 04834nam a22006013u 4500
999 _c114325
_d114325
001 9917807021004201
003 BJBSDDR
005 20230411090649.0
006 m d
007 ta
008 150525s2015||||||| s|||||||||||eng|d
020 _a9781783605170
035 _a(CKB)2670000000616537
035 _a(EBL)2041741
035 _a(SSID)ssj0001551134
035 _a(PQKBManifestationID)16166960
035 _a(PQKBTitleCode)TC0001551134
035 _a(PQKBWorkID)14811531
035 _a(PQKB)11118754
035 _a(EXLCZ)992670000000616537
040 _aAU-PeEL
_beng
_cBJBSDDR
_dAU-PeEL
041 _aeng
050 4 _a HC 125
_bA615 2015
082 0 0 _a303.482
245 1 0 _aAnother World is Possible
_h[electronic resource] :
_bWorld Social Forum proposals for an alternative globalization
_c William F Fisher; Thomas Ponniah; Boaventura de Sousa Santos
250 _a2nd ed.
260 _aLondon :
_bZed Books,
_c2015.
300 _a366 p.;
_c23 cm
336 _atext
_btxt
337 _acomputer
_bc
338 _aonline resource
_bcr
490 1 _acritique influence change
500 _aDescription based upon print version of record.
505 0 _aFront Cover; critique influence change; About the Editors; Title Page; Copyright; Contents; Acknowledgements; Foreword to the critique influence change Edition; Preface to the critique influence change Edition; Foreword to the First Edition; Preface to the First Edition; Introduction; Part I: The Production of Wealth and Social Reproduction ; Overview: Key Questions, Critical Issues ; Key Questions; Critical Issues; 1: External Debt: Abolish the Debt in Order to Free Development; Breaking the Infernal Cycle of Debt; Extra Resources to Finance Development; A New Development Strategy
505 8 _aNew Rules of Financial Good Practice Further Indispensable Measures; Notes; 2: Africa/Brazil: Conference Synthesis; 3: Financial Capital: Controls on Finance Capital; Introduction; Restore Controls over Capital Flows to Nation-States; Promote Control of Capital Flows; Reinforce Control of Markets and Financial Actors; Reform the International Financial Institutions (IFIs); 4: International Trade: Conference Synthesis; Broad Consensus on Free Trade and the WTO; Proposals by Dot Keet, Africa Trade Network; Proposals on the WTO by Martin Khor, Third World Network
505 8 _aProposals by Paul Nicholson, Via Campesina Proposals by Hector de la Cueva, Alianza Social Continental; Proposal by Lori Wallach, Public Citizen; Final proposals by the panellists; 5: Transnational Corporations: Issues and Proposals; Summary Proposal; Corporations Have Too Much Power; Governments and Corporations are Intimately Intertwined; Sectors, Individual Corporations, Structural Power; Dialogue versus Confrontation; Corporate Responsibility versus Corporate Accountability versus Democratic Control over Corporations; Reform versus Banishment; 6: Labour
505 8 _a(i) A Strategic Perspective on the International Trade Union Movement for the Twenty-first Century Introduction; Perspective on Transformative Unionism - Values, Ethics, Beliefs and Traditions; Our Socio-Economic Outlook; Organizational Review and Restructuring; The Perspective for Africa and the South; Conclusion; (ii) A Global Strategy for Labour; Investor Protectionism; Capital's Gains; Global Class Politics; Trade Unions' Role; Conclusion; Notes; 7: A Solidarity Economy; (i) Resist and Build; Social, Solidarity-based Economics
505 8 _aSocial, Solidarity-Based Economics and Development of Communities(ii) Conference Synthesis; Questions; Analyses; Proposals; Consensus and Differences of Opinion; Lead Participants; Part II: Access to Wealth and Sustainability ; Overview: Key Questions, Critical Issues ; Key Questions; Critical Issues; 8: Environment and Sustainability; (i) The Living Democracy Movement: Alternatives to the Bankruptcy of Globalization; Bankruptcy of Globalization; Creating Alternatives to Corporate Globalization; Creative Resistance; The Living Democracy Movement; (ii) Conference Synthesis; Summary Document
505 8 _a9: Water - A Common Good: Conference Synthesis
520 _aThe first English-language collection of essays and demands, arising from and written by the most prominent members of the first and second World Social Forums.
546 _aEnglish
650 4 _aRelaciones económicas internacionales
_9266
650 4 _aGlobalización
_92371
_xAspectos sociales
650 4 _aDesarrollo económico
_92531
_xAspectos sociales
655 0 _aElectronic books.
700 1 _aF. Fisher, William
_912233
_d1946-
700 1 _aPonniah, Thomas,
_912234
776 _z1-78360-517-0
776 _z1-78360-519-7
830 0 _acritique influence change
906 _aBOOK
942 _2lcc
_cBK